<?xml version="1.0" encoding="UTF-8"?>
<record
    xmlns:xsi="http://www.w3.org/2001/XMLSchema-instance"
    xsi:schemaLocation="http://www.loc.gov/MARC21/slim http://www.loc.gov/standards/marcxml/schema/MARC21slim.xsd"
    xmlns="http://www.loc.gov/MARC21/slim">

  <leader>01218na  a2200337   4500</leader>
  <controlfield tag="001">24519</controlfield>
  <controlfield tag="003">MIRAKIL</controlfield>
  <controlfield tag="005">20181226104234.0</controlfield>
  <controlfield tag="008">181127b        tu            000 0      </controlfield>
  <datafield tag="035" ind1=" " ind2=" ">
    <subfield code="a">20459</subfield>
  </datafield>
  <datafield tag="041" ind1=" " ind2=" ">
    <subfield code="a">tur</subfield>
  </datafield>
  <datafield tag="082" ind1=" " ind2=" ">
    <subfield code="a">324.6</subfield>
    <subfield code="b">C36&#xF6; 2013</subfield>
  </datafield>
  <datafield tag="090" ind1=" " ind2=" ">
    <subfield code="a">324.6 C36&#xF6; 2013</subfield>
  </datafield>
  <datafield tag="110" ind1=" " ind2=" ">
    <subfield code="a">Cumhuriyet Halk Partisi (CHP)</subfield>
    <subfield code="b">Parti &#x130;&#xE7;i E&#x11F;itim</subfield>
  </datafield>
  <datafield tag="222" ind1=" " ind2=" ">
    <subfield code="a">&#xD6;rg&#xFC;tlenme k&#x131;lavuzlar&#x131;</subfield>
  </datafield>
  <datafield tag="245" ind1=" " ind2=" ">
    <subfield code="a">Se&#xE7;ime y&#xF6;nelik sand&#x131;k &#xE7;evresi &#xF6;rg&#xFC;tlenmesi</subfield>
    <subfield code="c">Cumhuriyet Halk Partisi Parti &#x130;&#xE7;i E&#x11F;itim</subfield>
  </datafield>
  <datafield tag="246" ind1=" " ind2=" ">
    <subfield code="a">Sand&#x131;k &#xE7;evresi &#xF6;rg&#xFC;tlenmesi</subfield>
  </datafield>
  <datafield tag="260" ind1=" " ind2=" ">
    <subfield code="a">Ankara</subfield>
    <subfield code="b">CHP</subfield>
    <subfield code="c">2013</subfield>
  </datafield>
  <datafield tag="300" ind1=" " ind2=" ">
    <subfield code="a">36 s.</subfield>
    <subfield code="b">rnkl. res.</subfield>
    <subfield code="c">22 sm.</subfield>
  </datafield>
  <datafield tag="440" ind1=" " ind2=" ">
    <subfield code="a">Cumhuriyet Halk Partisi  Parti &#x130;&#xE7;i E&#x11F;itim yay&#x131;nlar&#x131;</subfield>
    <subfield code="p">K&#x131;lavuzlar</subfield>
  </datafield>
  <datafield tag="610" ind1=" " ind2=" ">
    <subfield code="a">Cumhuriyet Halk Partisi (CHP)</subfield>
    <subfield code="x">Se&#xE7;im i&#x15F;lemleri</subfield>
    <subfield code="y">K&#x131;lavuzlar</subfield>
  </datafield>
  <datafield tag="610" ind1=" " ind2=" ">
    <subfield code="a">Cumhuriyet Halk Partisi (CHP)</subfield>
    <subfield code="b">Parti i&#xE7;i e&#x11F;itim</subfield>
    <subfield code="x">Sand&#x131;k &#xE7;evresi</subfield>
    <subfield code="y">Modeller</subfield>
  </datafield>
  <datafield tag="650" ind1=" " ind2=" ">
    <subfield code="a">Siyasal partiler</subfield>
    <subfield code="x">Se&#xE7;im i&#x15F;lemleri</subfield>
    <subfield code="z">T&#xFC;rkiye</subfield>
  </datafield>
  <datafield tag="655" ind1=" " ind2=" ">
    <subfield code="a">K&#x131;lavuz kitaplar</subfield>
  </datafield>
  <datafield tag="657" ind1=" " ind2=" ">
    <subfield code="a">CHP se&#xE7;im k&#x131;lavuzlar&#x131;</subfield>
  </datafield>
  <datafield tag="657" ind1=" " ind2=" ">
    <subfield code="a">CHP sand&#x131;k &#xE7;evresi k&#x131;lavuzlar&#x131;</subfield>
  </datafield>
  <datafield tag="740" ind1=" " ind2=" ">
    <subfield code="a">Sand&#x131;k &#xE7;evresi &#xF6;rg&#xFC;tlenmesi</subfield>
  </datafield>
  <datafield tag="830" ind1=" " ind2=" ">
    <subfield code="a">CHP k&#x131;lavuzlar&#x131;</subfield>
  </datafield>
  <datafield tag="942" ind1=" " ind2=" ">
    <subfield code="2">ddc</subfield>
    <subfield code="c">BKS</subfield>
  </datafield>
  <datafield tag="040" ind1=" " ind2=" ">
    <subfield code="a">Milas</subfield>
    <subfield code="b">tur</subfield>
    <subfield code="c">TR-AnCHP</subfield>
  </datafield>
  <datafield tag="952" ind1=" " ind2=" ">
    <subfield code="5">1</subfield>
    <subfield code="a">0002</subfield>
    <subfield code="b">0002</subfield>
    <subfield code="d">2018-11-27</subfield>
    <subfield code="l">0</subfield>
    <subfield code="o">324.6 C36&#xF6; 2013</subfield>
    <subfield code="p">P00250</subfield>
    <subfield code="r">2018-11-27 00:00:00</subfield>
    <subfield code="v">0.00</subfield>
    <subfield code="w">2018-11-27</subfield>
    <subfield code="x"> </subfield>
    <subfield code="y">BKS</subfield>
  </datafield>
  <datafield tag="999" ind1=" " ind2=" ">
    <subfield code="c">11783</subfield>
    <subfield code="d">11783</subfield>
  </datafield>
</record>
